Fruit and vegetable quality: an integrated view
Guardat en:
| Autor principal: | |
|---|---|
| Format: | Llibre |
| Idioma: | anglès |
| Publicat: |
Lancaster
Technomic
2000
|
| Matèries: | |
| Etiquetes: |
Afegir etiqueta
Sense etiquetes, Sigues el primer a etiquetar aquest registre!
|
MARC
| LEADER | 00000nam a2200000 a 4500 | ||
|---|---|---|---|
| 001 | UCO7145 | ||
| 003 | CL-VaPUC | ||
| 008 | 001110e20000000US |||||||||||||||||eng|d | ||
| 082 | 0 | 4 | |a 664.807 |b SHE |2 21 |
| 100 | 0 | |a Shewfelt, Robert L |e author |9 451856 | |
| 245 | 1 | 0 | |a Fruit and vegetable quality: an integrated view |
| 300 | |a 330 p | ||
| 942 | |c BK | ||
| 945 | |d 20001110 00:00:00 |a vberengu | ||
| 260 | |a Lancaster |b Technomic |c 2000 | ||
| 650 | 0 | |a Control de calidad |9 259714 | |
| 650 | 0 | |a Frutas |9 259500 | |
| 650 | 0 | |a Hortalizas |9 259501 | |
| 650 | 0 | |a Vegetales |9 264557 | |
| 583 | |a last modification |c 20001110 00:00:00 |k Rodrigo Vera | ||
| 999 | |c 292344 |d 292342 | ||
| 952 | |0 0 |1 0 |2 ddc |4 0 |6 664_807000000000000_SHE_2000 |7 0 |8 A |9 343141 |a BIBALI |b BIBALI |c GEN |d 2019-11-20 |i 3662594 |o 664.807 SHE 2000 |p 3662594 |r 2025-01-20 |w 2019-11-20 |y BK |k ALI | ||
| 952 | |0 0 |1 0 |4 0 |6 664_807000000000000_SHE_2000 |7 0 |8 A |9 343142 |a BIBAGR |b BIBAGR |d 2019-11-20 |i 3875539 |o 664.807 SHE 2000 |p 3875539 |r 2025-01-20 |w 2019-11-20 |y BK |k AGR | ||